[Event "Uljanovsk op"]
[Site "Uljanovsk"]
[Date "2010.01.09"]
[Round "8"]
[White "Markin, Igor"]
[Black "Ivanov, Nikolay F"]
[Result "1-0"]
[WhiteElo "2155"]
[BlackElo "2039"]
[PlyCount "73"]
[EventDate "2010.01.04"]
[EventType "swiss"]
[EventRounds "9"]
[EventCountry "RUS"]
[SourceTitle "CBM 134 Extra"]
[Source "ChessBase"]
[SourceDate "2010.03.03"]
[SourceVersion "1"]
[SourceVersionDate "2010.03.03"]
[SourceQuality "1"]

1. e4 e5 2. Nf3 Nc6 3. Bc4 Bc5 4. c3 Nf6 5. d3 0-0 6. 0-0 d6 7. Re1 h6 8. Nbd2 a6 9. Bb3 b5 10. a4 Bd7 11. Nf1 Qe8 12. Ng3 Bb6 13. h3 Be6 14. Bc2 Bd7 15. Nh4 Ne7 16. Qf3 Nh7 17. Nhf5 Nxf5 18. Nxf5 Bxf5 19. exf5 Qd8 20. g4 Rb8 21. Kg2 Qh4 22. Qg3 Qxg3+ 23. Kxg3 b4 24. cxb4 Bd4 25. Bd2 Bxb2 26. Rab1 Bd4 27. a5 Nf6 28. Ba4 Rfc8 29. Bc6 Kf8 30. f4 exf4+ 31. Kxf4 Ng8 32. Rec1 Ne7 33. Ke4 Bf6 34. Bd7 c6 35. Bxc8 Rxc8 36. d4 Ke8 37. Rh1 1-0

[Event "Uljanovsk op"]
[Site "Uljanovsk"]
[Date "2010.01.06"]
[Round "5"]
[White "Ivanov, Nikolay F"]
[Black "Petrosian, Karlen"]
[Result "0-1"]
[WhiteElo "2039"]
[BlackElo "2348"]
[PlyCount "132"]
[EventDate "2010.01.04"]
[EventType "swiss"]
[EventRounds "9"]
[EventCountry "RUS"]
[SourceTitle "CBM 134 Extra"]
[Source "ChessBase"]
[SourceDate "2010.03.03"]
[SourceVersion "1"]
[SourceVersionDate "2010.03.03"]
[SourceQuality "1"]

1. e4 d6 2. d4 Nf6 3. Nc3 g6 4. g3 Bg7 5. Bg2 0-0 6. Nge2 Nc6 7. h3 e5 8. Be3 Bd7 9. d5 Ne7 10. Qd2 Ne8 11. h4 f5 12. h5 Nf6 13. hxg6 hxg6 14. Bh6 Rf7 15. Bxg7 Rxg7 16. 0-0-0 Qf8 17. f4 Ng4 18. Rdf1 Rh7 19. Rxh7 Kxh7 20. fxe5 Nxe5 21. exf5 gxf5 22. Qg5 Qg7 23. Rh1+ Kg8 24. Qxg7+ Kxg7 25. Nf4 Rg8 26. Nce2 Ng4 27. Rh5 Kf7 28. Rh7+ Rg7 29. Rxg7+ Kxg7 30. Kd2 Kf6 31. c4 Ne5 32. Kc3 N7g6 33. b4 Kg5 34. c5 Kf6 35. Nxg6 Kxg6 36. Nd4 dxc5 37. bxc5 c6 38. dxc6 Nxc6 39. Nxc6 Bxc6 40. Bxc6 bxc6 41. Kd4 Kf6 42. Ke3 Ke5 43. Kf3 a5 44. Ke3 a4 45. Kf3 a3 46. Ke3 Kd5 47. Kf4 Kxc5 48. Kxf5 Kd4 49. g4 c5 50. g5 c4 51. g6 c3 52. g7 c2 53. g8Q c1Q 54. Qb3 Qf1+ 55. Kg5 Qg2+ 56. Kf5 Qf2+ 57. Kg5 Qb2 58. Qd1+ Kc4 59. Qf1+ Kc3 60. Qe1+ Kd3 61. Qd1+ Kc3 62. Qe1+ Kc2 63. Qe4+ Kd2 64. Qf4+ Kd1 65. Qf1+ Kc2 66. Qf5+ Kc3 0-1

[Event "Uljanovsk op"]
[Site "Uljanovsk"]
[Date "2010.01.04"]
[Round "1"]
[White "Abdurahmanov, Afer"]
[Black "Ivanov, Nikolay F"]
[Result "0-1"]
[WhiteElo "1751"]
[BlackElo "2039"]
[PlyCount "110"]
[EventDate "2010.01.04"]
[EventType "swiss"]
[EventRounds "9"]
[EventCountry "RUS"]
[SourceTitle "CBM 134 Extra"]
[Source "ChessBase"]
[SourceDate "2010.03.03"]
[SourceVersion "1"]
[SourceVersionDate "2010.03.03"]
[SourceQuality "1"]

1. g3 h5 2. h4 g6 3. Bg2 Bg7 4. Nf3 d6 5. c3 Nc6 6. d4 e5 7. d5 Nce7 8. e4 Bg4 9. Be3 f5 10. Nbd2 Nf6 11. Qa4+ Qd7 12. Qxd7+ Kxd7 13. Ng5 fxe4 14. c4 Nf5 15. Ndxe4 Nd4 16. Bxd4 exd4 17. Kd2 Rae8 18. Rae1 Bf5 19. f3 Rhf8 20. Bh3 Bxh3 21. Nxf6+ Rxf6 22. Rxe8 Kxe8 23. Rxh3 Bh6 24. f4 Bxg5 25. hxg5 Rf7 26. Kd3 Re7 27. Kxd4 Re2 28. Kc3 Rf2 29. b3 c5 30. dxc6 bxc6 31. a3 Kf7 32. b4 Ke6 33. a4 Kf5 34. b5 cxb5 35. cxb5 Kg4 36. Rh1 Kxg3 37. a5 Rxf4 38. b6 axb6 39. axb6 Rf7 40. Kd4 Rb7 41. Rb1 h4 42. Kd5 h3 43. Kc6 Rb8 44. Kc7 Rf8 45. Kxd6 h2 46. Ke7 Rb8 47. Kf7 Rxb6 48. Rxb6 h1Q 49. Kxg6 Qe4+ 50. Kh6 Kg4 51. Rg6 Qa8 52. Kh7 Qe4 53. Kh6 Qe5 54. Kh7 Qf5 55. Kg7 Kh5 0-1

[Event "Moscow op-B 04th"]
[Site "Moscow"]
[Date "2008.02.07"]
[Round "6"]
[White "Eliseev, Urii"]
[Black "Ivanov, Nikolay F"]
[Result "1-0"]
[WhiteElo "2138"]
[BlackElo "2039"]
[PlyCount "55"]
[EventDate "2008.02.02"]
[EventType "swiss"]
[EventRounds "9"]
[EventCountry "RUS"]
[SourceTitle "CBM 122 Extra"]
[Source "ChessBase"]
[SourceDate "2008.03.04"]
[SourceVersion "1"]
[SourceVersionDate "2008.03.04"]
[SourceQuality "1"]

1. e4 c5 2. Nf3 Nc6 3. d4 cxd4 4. Nxd4 e5 5. Nb5 d6 6. N1c3 a6 7. Na3 b5 8. Nd5 Nf6 9. Bg5 Be7 10. Bxf6 Bxf6 11. c3 Ne7 12. Nc2 Nxd5 13. Qxd5 Be6 14. Qc6+ Ke7 15. Nb4 Qd7 16. Qb6 Rhc8 17. a4 Kf8 18. a5 d5 19. exd5 Bxd5 20. Rd1 Bd8 21. Qe3 Bxa5 22. Nxd5 Rd8 23. Qc5+ Qd6 24. Qxd6+ Rxd6 25. b4 Rad8 26. bxa5 Rxd5 27. Rxd5 Rxd5 28. h4 1-0

[Event "Moscow op-B 04th"]
[Site "Moscow"]
[Date "2008.02.05"]
[Round "4"]
[White "Zakharov, Igor N"]
[Black "Ivanov, Nikolay F"]
[Result "1-0"]
[WhiteElo "2200"]
[BlackElo "2039"]
[PlyCount "55"]
[EventDate "2008.02.02"]
[EventType "swiss"]
[EventRounds "9"]
[EventCountry "RUS"]
[SourceTitle "CBM 122 Extra"]
[Source "ChessBase"]
[SourceDate "2008.03.04"]
[SourceVersion "1"]
[SourceVersionDate "2008.03.04"]
[SourceQuality "1"]

1. d4 Nf6 2. c4 e6 3. Nf3 c5 4. d5 exd5 5. cxd5 d6 6. Nc3 g6 7. g3 Bg7 8. Bg2 0-0 9. 0-0 Na6 10. Re1 Nc7 11. a4 a6 12. e4 Bg4 13. Qb3 Re8 14. e5 dxe5 15. Nxe5 Bd7 16. Be3 b6 17. Rad1 Rb8 18. Nc6 Bxc6 19. dxc6 Qc8 20. Bf4 b5 21. Bxc7 Rxe1+ 22. Rxe1 Qxc7 23. axb5 axb5 24. Nxb5 Qa5 25. Re7 Qa1+ 26. Bf1 Rf8 27. Nd6 c4 28. Qxc4 1-0